[Event "OPEN A Condom 2008"]
[Site "Condom"]
[Date "????.??.??"]
[Round "5.1"]
[White "Simon, Olivier"]
[Black "Bujisho, Benjamin"]
[Result "0-1"]
[WhiteElo "2381"]
[BlackElo "2402"]
[PlyCount "114"]

1. e4 c5 2. Nf3 d6 3. d4 cxd4 4. Nxd4 Nf6 5. Nc3 a6 6. Bg5 e6 7. f4 Be7 8. Qf3
Qc7 9. O-O-O Nbd7 10. g4 b5 11. Bxf6 Nxf6 12. g5 Nd7 13. f5 Nc5 14. f6 gxf6 15.
gxf6 Bf8 16. Rg1 h5 17. Re1 Nd7 18. Bh3 Ne5 19. Qd1 Bd7 20. Kb1 O-O-O 21. a3
Kb8 22. Rg5 Rh6 23. Rf1 Rc8 24. Nce2 Qd8 25. Nf3 Nc4 26. Qc1 Rxf6 27. Rxh5 Bg7
28. b3 Na5 29. e5 dxe5 30. Nxe5 Nxb3 31. Qd1 Rxf1 32. Bxf1 Be8 33. Qxd8 Rxd8
34. cxb3 Rd1+ 35. Kc2 Rxf1 36. Rg5 Bf6 37. Rg8 Bxe5 38. Rxe8+ Kc7 39. h4 Kd7
40. Ra8 Rf2 41. Kd3 Rh2 42. Ra7+ Ke8 43. Rxa6 Rxh4 44. Ra5 Rh3+ 45. Ke4 Bb2 46.
Rxb5 f5+ 47. Kf4 Ke7 48. Kg5 Re3 49. Nf4 Rg3+ 50. Kh5 e5 51. Ng6+ Kd6 52. Kh4
Rg1 53. Kh5 f4 54. Nh4 e4 55. Rf5 Bc1 56. Ng6 f3 57. Nh4 Rg3 0-1

[Event "OPEN A Condom 2008"]
[Site "Condom"]
[Date "????.??.??"]
[Round "5.2"]
[White "Verlinde, Tieme"]
[Black "Sikula, Vaszilij"]
[Result "0-1"]
[WhiteElo "2174"]
[BlackElo "2540"]
[PlyCount "82"]

1. e4 c5 2. Nf3 Nc6 3. d3 g6 4. g3 Bg7 5. Bg2 d6 6. O-O e5 7. c3 Nge7 8. a3 O-O
9. b4 h6 10. Be3 b6 11. Nh4 cxb4 12. axb4 d5 13. exd5 Nxd5 14. Bd2 g5 15. b5
Nce7 16. Nf3 a5 17. d4 e4 18. Ne5 f6 19. Nc4 f5 20. Nba3 Be6 21. f3 exf3 22.
Qxf3 Rc8 23. Rae1 Rf6 24. Ne5 f4 25. c4 Ne3 26. Bxe3 fxe3 27. Qxe3 Rxf1+ 28.
Rxf1 Nf5 29. Rxf5 Bxf5 30. Bd5+ Kh7 31. g4 Bxe5 32. gxf5 Bf6 33. Qe6 Bxd4+ 34.
Kf1 Bg7 35. Nc2 Rb8 36. Qg6+ Kh8 37. Ne3 Qf6 38. Qh5 a4 39. Qe2 Re8 40. Kg2
Qxf5 41. Qd2 Qf4 0-1

[Event "OPEN A Condom 2008"]
[Site "Condom"]
[Date "????.??.??"]
[Round "5.3"]
[White "Piceu, Tom"]
[Black "Sanchez, Nicolas"]
[Result "1-0"]
[WhiteElo "2375"]
[BlackElo "2229"]
[PlyCount "65"]

1. d4 Nf6 2. c4 g6 3. Nc3 Bg7 4. e4 d6 5. f4 O-O 6. Nf3 Na6 7. Bd3 Bg4 8. O-O
Nd7 9. Be3 e5 10. fxe5 c5 11. Be2 Bxf3 12. Bxf3 cxd4 13. Bxd4 dxe5 14. Be3 Ndc5
15. Nd5 Ne6 16. Qd2 Nac5 17. b4 Nd7 18. Rad1 Nd4 19. c5 a5 20. a3 axb4 21. axb4
Ra3 22. Bg4 Nf6 23. Nxf6+ Bxf6 24. Be2 Rc3 25. Kh1 Rc2 26. Qd3 Rxe2 27. Bxd4
Ra2 28. Qb3 Qa8 29. Bb2 Ra6 30. Rd7 Qc8 31. Qd5 Rc6 32. Bxe5 Bxe5 33. Rfxf7 1-0

[Event "OPEN A Condom 2008"]
[Site "Condom"]
[Date "????.??.??"]
[Round "5.4"]
[White "Michiels, Rob"]
[Black "Grigore, George-Gabriel"]
[Result "0-1"]
[WhiteElo "2267"]
[BlackElo "2517"]
[PlyCount "64"]

1. e4 c5 2. c3 d5 3. exd5 Qxd5 4. d4 Nf6 5. dxc5 Qxc5 6. Be3 Qc7 7. Na3 a6 8.
Nc4 Nbd7 9. a4 e6 10. Nf3 Be7 11. Qd2 Nd5 12. Bd4 O-O 13. h4 Nc5 14. Qc2 f6 15.
b4 Nxa4 16. Qxa4 b5 17. Qa5 bxc4 18. Qxc7 Nxc7 19. Bxc4 Bd7 20. O-O Rfc8 21.
Rfe1 Kf8 22. Bb6 e5 23. Bxc7 Rxc7 24. Rxa6 Rxa6 25. Bxa6 Rxc3 26. Rb1 Bf5 27.
Rb2 Rc1+ 28. Kh2 Bd6 29. Nd2 e4+ 30. g3 Be5 31. Ra2 e3 32. fxe3 Be6 0-1

[Event "OPEN A Condom 2008"]
[Site "Condom"]
[Date "????.??.??"]
[Round "5.5"]
[White "Okhotnik, Vladimir"]
[Black "Verduyn, Frederic"]
[Result "1-0"]
[WhiteElo "2468"]
[BlackElo "2196"]
[PlyCount "61"]

1. e4 g6 2. d4 Bg7 3. h4 h5 4. Nf3 d6 5. Ng5 c5 6. dxc5 Qa5+ 7. c3 Qxc5 8. Be3
Qc7 9. Qb3 Nh6 10. Na3 O-O 11. Nb5 Qa5 12. f3 Nc6 13. O-O-O Bd7 14. g4 a6 15.
Na3 b5 16. gxh5 gxh5 17. Bh3 Bxh3 18. Nxh3 Ne5 19. Rhg1 Kh8 20. Rg5 Rac8 21.
Rxh5 Kh7 22. Rg1 Rh8 23. Ng5+ Kg8 24. Ne6 Ng6 25. Rxg6 fxg6 26. Ng5+ d5 27.
Qxd5+ Kf8 28. Rxh6 Rxc3+ 29. bxc3 Qxc3+ 30. Nc2 Qb2+ 31. Kd1 1-0

[Event "OPEN A Condom 2008"]
[Site "Condom"]
[Date "????.??.??"]
[Round "5.6"]
[White "Decoster, Frederic"]
[Black "Inkiov, Ventzislav"]
[Result "1/2-1/2"]
[WhiteElo "2264"]
[BlackElo "2446"]
[PlyCount "141"]

1. e4 c5 2. Nf3 d6 3. d4 cxd4 4. Nxd4 Nf6 5. Nc3 Nc6 6. Bg5 e6 7. Qd2 Be7 8.
O-O-O Nxd4 9. Qxd4 O-O 10. f4 Qa5 11. Kb1 h6 12. h4 e5 13. Qd3 exf4 14. Bxf4
Be6 15. Be2 Rac8 16. Nd5 Bxd5 17. exd5 Qa4 18. Bc1 Nxd5 19. Qb3 Qxb3 20. axb3
Nb4 21. c3 Nc6 22. Bf4 Rfd8 23. Bf3 b5 24. Rd5 b4 25. c4 Bf6 26. Bxd6 Nd4 27.
Bg4 Rc6 28. Bxb4 Rb8 29. Bc3 Nxb3 30. Rb5 Rxb5 31. cxb5 Rc4 32. Be2 Ra4 33. Kc2
Nd4+ 34. Bxd4 Rxd4 35. h5 Re4 36. Bf3 Rb4 37. Bc6 Rxb2+ 38. Kd3 Rb3+ 39. Kc4
Rc3+ 40. Kb4 Rd3 41. Kc4 Rd4+ 42. Kc5 Rf4 43. Bf3 Bd4+ 44. Kd5 Bb6 45. Rb1 Kf8
46. Rb2 Ke7 47. Re2+ Kf6 48. Re4 Rf5+ 49. Kc4 g6 50. hxg6 fxg6 51. Rh4 h5 52.
Bc6 a5 53. Kd3 Rf2 54. Rc4 Ke5 55. Bf3 Rb2 56. Rc6 Rb3+ 57. Kc2 Rxb5 58. Rxg6
Bc5 59. Rg5+ Kf6 60. Be2 Kxg5 61. Bxb5 $11 h4 62. Kb3 Kf4 63. Ka4 Bb6 64. Bc6
Kg3 65. Bb7 Kh2 66. Bc6 Kg1 67. Bb7 Kf2 68. Bc6 Kg3 69. Bb7 h3 70. gxh3 Kxh3
71. Bc6 1/2-1/2

[Event "OPEN A Condom 2008"]
[Site "Condom"]
[Date "????.??.??"]
[Round "5.7"]
[White "Song, Julien"]
[Black "Marholev, Dimitar"]
[Result "1-0"]
[WhiteElo "2236"]
[BlackElo "2366"]
[PlyCount "55"]

1. d4 Nf6 2. c4 g6 3. Nc3 Bg7 4. Nf3 d6 5. Bg5 O-O 6. e3 c5 7. d5 h6 8. Bh4 e5
9. Be2 a6 10. a4 Qe8 11. Nd2 Nh7 12. g4 h5 13. gxh5 g5 14. Rg1 Qe7 15. h6 Bxh6
16. Bxg5 Bxg5 17. h4 Kh8 18. hxg5 Nxg5 19. Bd3 f5 20. Qh5+ Nh7 21. O-O-O b5 22.
Nf3 Bd7 23. Ng5 Be8 24. Qxh7+ Qxh7 25. Nxh7 Kxh7 26. Rg5 Bg6 27. Rdg1 Rg8 28.
Rxg6 1-0

[Event "OPEN A Condom 2008"]
[Site "Condom"]
[Date "????.??.??"]
[Round "5.9"]
[White "Bressac, Stephane"]
[Black "Rooze, Jan"]
[Result "1/2-1/2"]
[WhiteElo "2028"]
[BlackElo "2298"]
[PlyCount "67"]

1. e4 c5 2. Nf3 Nc6 3. d4 cxd4 4. Nxd4 e6 5. Nxc6 bxc6 6. Nc3 Qc7 7. Bd3 Nf6 8.
O-O Be7 9. Qe2 d6 10. f4 e5 11. Kh1 Rb8 12. Bc4 O-O 13. fxe5 Ng4 14. e6 Bxe6
15. Bxe6 fxe6 16. Bf4 e5 17. Qxg4 exf4 18. Rab1 Qc8 19. Qxc8 Rfxc8 20. Ne2 Bf6
21. b3 Re8 22. Rxf4 d5 23. Re1 Rb4 24. Ng3 Bc3 25. Ref1 Be5 26. a3 Bxf4 27.
axb4 Bxg3 28. hxg3 Rxe4 29. Ra1 Re2 30. c4 Rb2 31. cxd5 cxd5 32. Rxa7 Rxb3 33.
Rd7 Rxb4 34. Rxd5 1/2-1/2

[Event "OPEN A Condom 2008"]
[Site "Condom"]
[Date "????.??.??"]
[Round "5.12"]
[White "Schuermans, Robert"]
[Black "Van Elst, Andreas"]
[Result "0-1"]
[WhiteElo "2125"]
[BlackElo "2336"]
[PlyCount "58"]

1. e4 c5 2. Nf3 e6 3. d4 cxd4 4. Nxd4 a6 5. Nc3 b5 6. Bd3 Qb6 7. Nf3 Qc7 8. O-O
Bb7 9. Re1 Bc5 10. e5 f5 11. Qe2 Nc6 12. Be3 Nxe5 13. Bf4 Nxf3+ 14. Qxf3 Qb6
15. Qg3 Nf6 16. Bc7 Bxf2+ 17. Qxf2 Qxc7 18. Qxf5 O-O 19. Qh3 e5 20. Re3 Rae8
21. Bf5 d5 22. Rg3 e4 23. Rd1 b4 24. Nxd5 Bxd5 25. Rxd5 Qxc2 26. Rd7 Qc1+ 27.
Kf2 e3+ 28. Ke2 Qxb2+ 29. Ke1 Qf2+ 0-1

[Event "OPEN A Condom 2008"]
[Site "Condom"]
[Date "????.??.??"]
[Round "5.16"]
[White "Iglesias, Joachim"]
[Black "Ouerk, Yanis"]
[Result "1-0"]
[WhiteElo "2187"]
[BlackElo "1918"]
[PlyCount "49"]

1. d4 Nf6 2. Nf3 g6 3. c4 Bg7 4. Nc3 d6 5. Bg5 O-O 6. e3 c6 7. Be2 Nbd7 8. Qc2
e5 9. Rd1 Qc7 10. O-O Re8 11. dxe5 dxe5 12. Nd2 a5 13. Nde4 h6 14. Bh4 g5 15.
Bg3 Bf8 16. f4 Nxe4 17. Nxe4 f5 18. fxg5 fxe4 19. Qxe4 Re7 20. Qg6+ Bg7 21.
gxh6 Nf8 22. Rxf8+ Kxf8 23. Rf1+ Bf5 24. Rxf5+ Kg8 25. c5 1-0

[Event "OPEN A Condom 2008"]
[Site "Condom"]
[Date "????.??.??"]
[Round "5.17"]
[White "Le Gallen, Luc"]
[Black "Marciniak, Alexandre"]
[Result "1/2-1/2"]
[WhiteElo "1914"]
[BlackElo "2186"]
[PlyCount "48"]

1. d4 d5 2. Nf3 Nf6 3. c4 c6 4. Nc3 dxc4 5. a4 Bf5 6. e3 e6 7. Bxc4 Bb4 8. O-O
O-O 9. Qe2 Bg6 10. Rd1 Nbd7 11. Bd3 Bxd3 12. Rxd3 Qe7 13. e4 e5 14. dxe5 Nxe5
15. Nxe5 Qxe5 16. f4 Qc5+ 17. Be3 Qc4 18. b3 Qe6 19. e5 Bxc3 20. Rxc3 Nd5 21.
Rc4 f6 22. Bc5 Rfe8 23. Re1 fxe5 24. fxe5 a6 1/2-1/2

[Event "OPEN A Condom 2008"]
[Site "Condom"]
[Date "????.??.??"]
[Round "5.19"]
[White "Humeau, Cyril"]
[Black "Fantinel, Thibault"]
[Result "1-0"]
[WhiteElo "2170"]
[BlackElo "1908"]
[PlyCount "79"]

1. c3 g6 2. e4 c5 3. Nf3 Nf6 4. e5 Nd5 5. Bc4 Nb6 6. Bb3 d6 7. exd6 Qxd6 8. O-O
Bg7 9. Na3 a6 10. d4 cxd4 11. Nxd4 O-O 12. Be3 e5 13. Ne2 Qc7 14. Ng3 Rd8 15.
Qf3 Be6 16. Bxe6 fxe6 17. Qg4 Qc6 18. Bxb6 Qxb6 19. Nc4 Qc6 20. Rad1 Rd5 21.
Ne3 Rxd1 22. Rxd1 Nd7 23. Qe4 Qc7 24. Qc4 Qxc4 25. Nxc4 Nf8 26. Ne4 b5 27. Na5
Kf7 28. Kf1 Bf6 29. Ke2 Ra7 30. a3 Rc7 31. Rd6 Ra7 32. Nc6 Ra8 33. Nb4 a5 34.
Ra6 Rxa6 35. Nxa6 Be7 36. b4 axb4 37. axb4 Nd7 38. Nc7 Nb6 39. Nxb5 Nd5 40. g3
1-0

[Event "OPEN A Condom 2008"]
[Site "Condom"]
[Date "????.??.??"]
[Round "5.20"]
[White "Brethes, Francois"]
[Black "Hugaert, Arthur"]
[Result "1-0"]
[WhiteElo "2194"]
[BlackElo "2065"]
[PlyCount "83"]

1. d4 d5 2. c4 c6 3. e3 Nf6 4. Bd3 dxc4 5. Bxc4 Nbd7 6. Nf3 e6 7. O-O b5 8. Bd3
Bd6 9. a4 Qb6 10. Na3 a6 11. axb5 axb5 12. Nc4 bxc4 13. Rxa8 Qb7 14. Rxc8+ Qxc8
15. Bxc4 O-O 16. b3 Qc7 17. Bb2 Ra8 18. Qc2 Ra5 19. e4 e5 20. Bc3 Ra8 21. h3
Re8 22. dxe5 Nxe5 23. Nxe5 Bxe5 24. Bxe5 Qxe5 25. f3 Nh5 26. Rd1 Nf4 27. Rd7
Ra8 28. Rxf7 Nxh3+ 29. Kf1 Ra1+ 30. Ke2 Ng1+ 31. Kf2 Qc5+ 32. Kg3 Qg5+ 33. Kf2
Nh3+ 34. Ke2 Qxg2+ 35. Kd3 Qf1+ 36. Kc3 Qxc4+ 37. Kxc4 Kxf7 38. Qh2 Ng5 39.
Qf4+ Kg6 40. Qf5+ Kh6 41. f4 Rc1+ 42. Kb4 1-0

[Event "OPEN A Condom 2008"]
[Site "Condom"]
[Date "????.??.??"]
[Round "5.22"]
[White "Muratet, Lucas"]
[Black "Tarchichi, Paul"]
[Result "0-1"]
[WhiteElo "1934"]
[BlackElo "2153"]
[PlyCount "96"]

1. e4 c5 2. Nf3 Nc6 3. d3 e6 4. c3 d5 5. Nbd2 g6 6. Be2 Bg7 7. O-O Nge7 8. Re1
b6 9. Bf1 h6 10. a3 a5 11. Qa4 Ba6 12. d4 O-O 13. Bxa6 Rxa6 14. Qb5 Qa8 15.
dxc5 bxc5 16. Qxc5 Rd8 17. Qe3 e5 18. Qe2 f5 19. exd5 Nxd5 20. Nb3 Rb6 21. Nc5
e4 22. Nh4 Ne5 23. c4 Rc8 24. f4 exf3 25. Nxf3 Nxf3+ 26. Qxf3 Rxc5 27. cxd5
Qxd5 28. Qxd5+ Rxd5 29. Rb1 Rbb5 30. Kf1 g5 31. a4 Rb4 32. b3 f4 33. Ba3 Rb8
34. h3 Rd3 35. Bc5 Rdxb3 36. Rxb3 Rxb3 37. Re6 Rb1+ 38. Ke2 Rb2+ 39. Kf3 Ra2
40. Re4 Kf7 41. h4 Kg6 42. hxg5 hxg5 43. g3 fxg3 44. Kxg3 Kf5 45. Rc4 Be5+ 46.
Kf3 Bf4 47. Bf2 g4+ 48. Kg2 g3 0-1

[Event "OPEN A Condom 2008"]
[Site "Condom"]
[Date "????.??.??"]
[Round "5.24"]
[White "Gryson, Wouter"]
[Black "Delay, Guillaume"]
[Result "1-0"]
[WhiteElo "2105"]
[BlackElo "1906"]
[PlyCount "33"]

1. Nf3 Nf6 2. c4 e6 3. Nc3 b6 4. e4 d5 5. e5 Ne4 6. d4 Nxc3 7. bxc3 Bb7 8. cxd5
Bxd5 9. Bd3 c5 10. O-O cxd4 11. Nxd4 Nd7 12. Re1 Be7 13. Qg4 g6 14. Bh6 a6 15.
c4 Bb7 16. Nxe6 fxe6 17. Bxg6+ 1-0

[Event "OPEN A Condom 2008"]
[Site "Condom"]
[Date "????.??.??"]
[Round "5.27"]
[White "Foulon, Greta"]
[Black "Favarel, Camille"]
[Result "0-1"]
[WhiteElo "1899"]
[BlackElo "2102"]
[PlyCount "56"]

1. d4 Nf6 2. c4 e6 3. g3 d5 4. Bg2 c6 5. Qc2 Bd6 6. Nf3 O-O 7. O-O Ne4 8. Nbd2
f5 9. e3 Bd7 10. b3 Be8 11. Ne5 Nd7 12. Nd3 Qc7 13. f4 Ndf6 14. Nf3 Bh5 15.
Nfe5 Qe7 16. c5 Bc7 17. a4 Ng4 18. b4 Rf6 19. b5 Bxe5 20. fxe5 Rff8 21. Nf4 Be8
22. Qb3 g5 23. Ne2 h5 24. Bxe4 fxe4 25. Bd2 Bg6 26. Kg2 Rf3 27. Ng1 Raf8 28. h3
Rf2+ 0-1

[Event "OPEN A Condom 2008"]
[Site "Condom"]
[Date "????.??.??"]
[Round "5.29"]
[White "Maupin, Valerie"]
[Black "Tchefranoff, Stephane"]
[Result "1-0"]
[WhiteElo "2021"]
[BlackElo "1928"]
[PlyCount "33"]

1. d4 Nf6 2. c4 e6 3. Nc3 Bb4 4. Qc2 c5 5. e3 cxd4 6. exd4 d5 7. Nf3 dxc4 8.
Bxc4 O-O 9. Bg5 Nc6 10. Rd1 Be7 11. O-O Re8 12. d5 exd5 13. Nxd5 Nxd5 14. Bxd5
Nb4 15. Bxf7+ Kxf7 16. Qc4+ Be6 17. Qxe6+ 1-0

[Event "OPEN A Condom 2008"]
[Site "Condom"]
[Date "????.??.??"]
[Round "5.32"]
[White "Bouthier, Jacques"]
[Black "Bulteau, Sarah"]
[Result "0-1"]
[WhiteElo "1965"]
[BlackElo "1909"]
[PlyCount "70"]

1. e4 c5 2. Nf3 e6 3. d4 cxd4 4. Nxd4 Nf6 5. Nc3 a6 6. Bd3 Nc6 7. Nxc6 bxc6 8.
O-O Qc7 9. f4 Bb7 10. e5 Nd5 11. Ne4 c5 12. c4 Nb4 13. Bb1 Bxe4 14. Bxe4 Rb8
15. Kh1 Be7 16. Bd2 f5 17. exf6 Bxf6 18. Bc3 Ke7 19. f5 e5 20. Qd2 d6 21. g4 h6
22. Qg2 Rhc8 23. Qf2 Nc6 24. h4 Nd4 25. Qe1 Rf8 26. b3 Kd7 27. Rd1 Qd8 28. g5
hxg5 29. b4 Rh8 30. a4 Rxh4+ 31. Kg1 Qh8 32. b5 Rg4+ 33. Bg2 Qh3 34. Qd2 Rh8
35. Bxd4 Qh2+ 0-1

[Event "OPEN A Condom 2008"]
[Site "Condom"]
[Date "????.??.??"]
[Round "5.42"]
[White "Berthelot, Nathan"]
[Black "Saunders, Mark"]
[Result "1-0"]
[WhiteElo "1755"]
[BlackElo "1812"]
[PlyCount "37"]

1. e4 e5 2. Nf3 Nc6 3. Bb5 f5 4. d4 fxe4 5. Nxe5 Nxe5 6. dxe5 c6 7. Be2 Qa5+ 8.
Bd2 Qxe5 9. Bc3 Qg5 10. Bh5+ Kd8 11. O-O d5 12. Bd2 Qf5 13. Nc3 Nf6 14. Be2 Qg6
15. Bf4 h5 16. h4 Ng4 17. Nxd5 cxd5 18. Qxd5+ Ke8 19. Bb5+ 1-0